000 00538cam a22002291 4500
001 sa 63002550
003 DLC
005 20260227111934.0
008 890626s1962 ii 000 0 hino
010 _asa 63002550
035 _a(OCoLC)19928618
040 _aDLC
_cWaU
_dDLC
042 _apremarc
043 _aa-ii---
050 0 0 _aDS421.5
_b.M49
100 1 _aMishra, Bhagirath,
_d1914-1994.
245 1 0 _aAdhyayana.
260 _c[1962]
300 _a124 p.
_c23 cm.
500 _aIn Hindi.
651 0 _aIndia
_xCivilization.
999 _c54512
_d54512